| 000 | 01031nam a2200265 i 4500 | ||
|---|---|---|---|
| 001 | bg | ||
| 245 | 0 | 0 |
_aGospodarka - polityka = _bEconomy - politics / _cpod red. Ryszarda Orłowskiego. |
| 260 |
_aRzeszów : _bWydaw. WSIiZ, _c1998. |
||
| 300 |
_a159 s. : _bwykr. ; _c24 cm. |
||
| 490 | 1 |
_aZeszyty Naukowe / Wyższa Szkoła Informatyki i Zarządzania, _x1429-5237 ; _v1/1998 |
|
| 500 | _aW nagł. odm. tyt. serii: Zeszyty Naukowe Wyższej Szkoły Informatyki i Zarządzania w Rzeszowie. - Streszcz. pol., ang. po art. | ||
| 504 | _aBibliogr. po art. | ||
| 610 | 2 | 9 | _aPolskie Stronnictwo Ludowe (1945-1949 r.) |
| 650 | 9 |
_aGospodarka _xzagadnienia _zPolska |
|
| 650 | 9 |
_aPolityka _xzagadnienia |
|
| 650 | 9 |
_aBanki _xhistoria |
|
| 650 | 9 |
_aPublic relations _xzagadnienia |
|
| 700 | 1 |
_aORŁOWSKI, Ryszard. _eRed. |
|
| 830 | 0 |
_aZeszyty Naukowe (Wyższa Szkoła Informatyki i Zarządzania) ; _v1/1998 |
|
| 040 | _cBPK | ||
| 041 | 0 |
_apol _bpoleng |
|
| 080 | _a32:33:65 | ||
| 942 | _cKS | ||
| 008 | s pl f |000 0 pol | ||
| 999 |
_c42935 _d42935 |
||
| 856 |
_uhttp://koha.tu.koszalin.pl/cgi-bin/koha/opac-detail.pl?biblionumber=42935 _yKatalog online BPK |
||